000 01362nam a2200253 4500
005 20250411152239.0
008 250411b |||||||| |||| 00| 0 eng d
020 _a9780367240998
037 _cTextual
040 _aRTL
_cRTL
084 _aB28 Q5.1
_qRTL
100 _aBickel, Peter J.
_9430546
245 _aMathematical Statistics: basic ideas and selected topics
250 _a2nd
260 _aBoca Raton
_bCRC Press
_c2015
300 _axxiv, 556 p.
_bIncludes index
490 _aTexts in statistical science
520 _aVolume I presents fundamental, classical statistical concepts at the doctorate level without using measure theory. It gives careful proofs of major results and explains how the theory sheds light on the properties of practical methods. Volume II covers a number of topics that are important in current measure theory and practice. It emphasizes nonparametric methods which can really only be implemented with modern computing power on large and complex data sets. In addition, the set includes a large number of problems with more difficult ones appearing with hints and partial solutions for the instructor.
650 _aMathematical statistics
_9718580
650 _aMathematics
650 _aStatistical Science
_9733466
700 _aDoksum, Kjell A.
_eCo-author
_9430547
942 _2CC
_n0
_cTB
_hB28 Q5.1
999 _c1308895
_d1308895